000 00688nam a2200289Ia 4500
005 20260324134446.0
008 008 260324s9999 xx 000 0 eng d
020 _a9781315190914
037 _aEBOOK
040 _aCRL
040 _beng
040 _cCRL
041 _2eng
041 _aeng
084 _qCRL
100 _aRolin Mainuddin
_91196892
245 0 _aReligion and Politics in the Developing World
245 0 _bExplosive Interactions
260 _bTaylor and Francis
260 _c2002
365 _a
365 _b170
856 _uhttp://www.taylorfrancis.com/books/9781315190914
942 _cEBOOK
999 _c1797022
_d1797022